|
|
|
|
| LEADER |
00000nab a2200000 a 4500 |
| 001 |
vtls000758852 |
| 003 |
SK-MaSNL |
| 005 |
20260304105714.0 |
| 008 |
250429c2000 xo 0 slo |
| 015 |
|
|
|a SNBRB2001/06-16848
|
| 035 |
|
|
|a CLN000110639
|
| 035 |
|
|
|a urn:nbn:sk:snk-abbuax
|
| 035 |
|
|
|a (urnnbn)urn:nbn:sk:snk:ar-0046lj
|
| 035 |
|
|
|a (uuid)0fd04bb9-ca84-4985-a516-52e7631af21e
|
| 040 |
|
|
|a SNKBUCL
|b slo
|c SNKBUCL
|e AACR2
|
| 041 |
0 |
|
|a slo
|
| 044 |
|
|
|a xo
|c SK
|
| 080 |
|
|
|a 82:929:830 (494)
|2 1997
|
| 080 |
|
|
|a 830 (494):929
|2 1997
|
| 080 |
|
|
|a 929 Bischel, Peter
|2 1997
|
| 100 |
1 |
|
|a Richter, Milan,
|d 1948-
|4 aut
|9 92608
|
| 245 |
1 |
0 |
|a Peter Bichsel (1935), jeden z najoriginálnejších ...
|c Milan Richter
|
| 600 |
1 |
7 |
|a Bichsel, Peter,
|d 1935-2025
|2 snkbucl
|9 252895
|
| 655 |
|
7 |
|a švajčiarski spisovatelia
|2 snkbucl
|9 1407392
|
| 655 |
|
7 |
|a články z novín a časopisov
|2 snkbucl
|9 267496
|
| 773 |
0 |
|
|t Revue svetovej literatúry
|g Roč. 36, č. 4 (2000), s. 49-50
|x 0231-6269
|
| 850 |
|
|
|a Slovenská národná knižnica
|
| 852 |
|
|
|a Slovenská národná knižnica
|
| 958 |
|
|
|a article15
|
| 958 |
|
|
|a LX
|
| 958 |
|
|
|a CH
|
| 958 |
|
|
|a BC
|
| 958 |
|
|
|a OND
|
| 958 |
|
|
|a EUIPO
|
| 992 |
|
|
|a RBX
|
| 999 |
|
|
|c 2856749
|d 2858679
|